HEARING LOSS (Record no. 17906)
[ view plain ]
| 000 -LEADER | |
|---|---|
| fixed length control field | 00282nam a22001337a 4500 |
| 003 - CONTROL NUMBER IDENTIFIER | |
| control field | SGT |
| 020 ## - INTERNATIONAL STANDARD BOOK NUMBER | |
| International Standard Book Number | 9781632422255 |
| 082 ## - DEWEY DECIMAL CLASSIFICATION NUMBER | |
| Classification number | 617.8 |
| Item number | H15C |
| 100 ## - MAIN ENTRY--PERSONAL NAME | |
| Personal name | CROW, DAVID |
| 245 ## - TITLE STATEMENT | |
| Title | HEARING LOSS |
| 260 ## - PUBLICATION, DISTRIBUTION, ETC. (IMPRINT) | |
| Place of publication, distribution, etc | NEW JERSEY |
| Name of publisher, distributor, etc | FOSTER ACADEMIC |
| Year of Publication | 2007 |
| 300 ## - PAGE DESCRIPTION | |
| No. of Pages | 410 |
| 942 ## - ADDED ENTRY ELEMENTS (KOHA) | |
| Source of classification or shelving scheme | Dewey Decimal Classification |
| Koha item type | Books |
| Withdrawn status | Lost status | Source of classification or shelving scheme | Damaged status | Not for loan | Collection code | Home library | Current library | Shelving location | Date acquired | Vendor Name | Volume Information (Serial or Books or Non-Book Material) | SGTU | Bill Number | Total Checkouts | Full call number | Accession No. (Barcode) | Date last seen | Bill Date | Koha item type |
|---|---|---|---|---|---|---|---|---|---|---|---|---|---|---|---|---|---|---|---|
| Dewey Decimal Classification | Not For Loan | MEDICAL | SGT Medical Library | SGT Medical Library | Reference Book | 20/04/2019 | ABC DELHI | 159.99 DOLLAR | SGTU | 10932 | 617.8 H15C | FM11281 | 20/04/2019 | 05/04/2019 | Books |